[Event "Ostersund Storsjodraget op"]
[Site "Ostersund"]
[Date "2019.06.16"]
[Round "6"]
[White "Olofsson, Henrik"]
[Black "Salholm, Soren"]
[Result "1-0"]
[WhiteElo "2019"]
[BlackElo "1894"]
[PlyCount "98"]
[EventDate "2019.06.14"]
[EventType "swiss"]
[EventRounds "7"]
[EventCountry "SWE"]
[SourceTitle "CBM 192 Extra"]
[Source "Chessbase"]
[SourceDate "2019.11.06"]
[SourceVersion "1"]
[SourceVersionDate "2019.11.06"]
[SourceQuality "1"]

1. d4 d5 2. c4 c6 3. Nc3 g6 4. cxd5 cxd5 5. Bf4 Bg7 6. Nf3 Nf6 7. h3 a6 8. e3 Nc6 9. Ne5 Qb6 10. Nxc6 bxc6 11. Qd2 Nd7 12. Be2 e5 13. dxe5 Nxe5 14. 0-0 0-0 15. Na4 Qd8 16. Rfd1 Re8 17. Rac1 Qf6 18. b4 Nd7 19. Rc2 h5 20. Rdc1 Bb7 21. Bg3 Bh6 22. Rd1 Rad8 23. Qd3 Bf8 24. Qb3 Re6 25. Nc5 Nxc5 26. bxc5 Bc8 27. Bc7 Rde8 28. Qa4 Re4 29. Qa3 Bh6 30. Bd3 R4e6 31. Bxa6 Bxa6 32. Qxa6 Re4 33. Qd3 Ra8 34. Qb3 d4 35. Rcd2 dxe3 36. Re2 Qe7 37. Bd6 exf2+ 38. Rxf2 Re1+ 39. Rf1 Qe3+ 40. Kh1 Rxf1+ 41. Rxf1 Qe6 42. Qxe6 fxe6 43. Rf6 Kg7 44. Rxe6 Rxa2 45. Be5+ Kf7 46. Rf6+ Ke7 47. Rxg6 Be3 48. Bd6+ Kd7 49. Rg7+ Ke6 1-0

[Event "Ostersund Storsjodraget op"]
[Site "Ostersund"]
[Date "2019.06.15"]
[Round "5"]
[White "Salholm, Soren"]
[Black "Stromhaug, Kristoffer Wang"]
[Result "1-0"]
[WhiteElo "1894"]
[BlackElo "1517"]
[PlyCount "49"]
[EventDate "2019.06.14"]
[EventType "swiss"]
[EventRounds "7"]
[EventCountry "SWE"]
[SourceTitle "CBM 192 Extra"]
[Source "Chessbase"]
[SourceDate "2019.11.06"]
[SourceVersion "1"]
[SourceVersionDate "2019.11.06"]
[SourceQuality "1"]

1. e4 c5 2. Nf3 Nc6 3. Bb5 Nf6 4. e5 Nd5 5. 0-0 a6 6. Bc4 Nb6 7. Be2 Qc7 8. d4 cxd4 9. Bf4 Nd5 10. Bg3 e6 11. Nxd4 Nxe5 12. Nd2 d6 13. c4 Nb6 14. Rc1 Bd7 15. b3 Be7 16. Kh1 Bc6 17. a4 a5 18. f4 Ned7 19. Nxc6 bxc6 20. Ne4 d5 21. f5 e5 22. cxd5 Nxd5 23. Qxd5 cxd5 24. Rxc7 dxe4 25. Bb5 1-0